Educar para a igualdade: combatendo o racismo na educacao

Salvato in:
Dettagli Bibliografici
Autore principale: Neves, Gilberto (autor)
Natura: Libro
Lingua:portoghese
Pubblicazione: Cenafro 2008
Soggetti:
Tags: Aggiungi Tag
Nessun Tag, puoi essere il primo ad aggiungerne!!

MARC

LEADER 00000nam a2200000 a 4500
001 UCH9263
003 CL-VaPUC
008 091231e20080000bl |||||||||||||||||por|d
020 |a 9788589927024 
082 0 4 |a 370.115  |b NEV  |2 21 
100 |a Neves, Gilberto  |e autor  |9 546205 
245 1 0 |a Educar para a igualdade: combatendo o racismo na educacao 
300 |a 126 p 
942 |c BK 
945 |d 20091231 00:00:00  |a rbrito 
260 |b Cenafro  |c 2008 
650 0 |a Racismo  |9 255805 
650 0 |a Discriminación racial  |9 257054 
650 0 |a Democratización de la educación  |9 307986 
583 |a last modification  |c 20130809 12:26:56  |k Rodrigo Vera 
999 |c 339278  |d 339276 
952 |0 0  |1 0  |4 0  |6 370_115000000000000_NEV_2008  |7 0  |8 A  |9 432829  |a BIBHIS  |b BIBHIS  |d 2019-11-22  |i 4629191  |o 370.115 NEV 2008  |p 4629191  |r 2025-01-20  |w 2019-11-22  |y BK  |k HIS